| 000 | 01422nam a22002417a 4500 | ||
|---|---|---|---|
| 999 |
_c59526 _d59526 |
||
| 003 | Ge_BSU | ||
| 005 | 20230309131836.0 | ||
| 008 | 230309s2002 ge ||||| |||| 00| 0 geo d | ||
| 041 | _ageo | ||
| 080 | _a321: 342.22+ 1(430)(092)ჰეგელი ფ-45 | ||
| 100 |
_aფუტკარაია, ჯამბულ _916611 |
||
| 245 |
_aსამართლებრივი სახელმწიფოს იდეა ჰეგელის პოლიტიკლურ ფილოსოფიაში / _c ჯამბულ ფუტკარაია ; რედ. გ. ფერაძე ; თბილ. ბიზნესის სახელმწ. ინ–ტი. |
||
| 264 |
_aთბილისი : _bლეგა, _c 2002. |
||
| 300 |
_a40 გვ. ; _b20 სმ. |
||
| 504 | _aბიბლიოგრ. ტექსტის შენიშვნებში და გვ. 40. | ||
| 653 | _aჰეგელი, ფრიდრიხ, 1770–1831. | ||
| 653 | _aჰეგელის ფილოსოფია | ||
| 653 | _aპოლიტიკური ფილოსოფია | ||
| 653 | _aსამართლებრივი სახელმწიფო | ||
| 700 |
_aფერაძე, გ. _eრედაქტორი _917145 |
||
| 710 |
_aთბილისის ბიზნესის სახელმწ. ინსტიტუტი. _917146 |
||
| 942 |
_2udc _cBK |
||